Data analysis (Record no. 479460)

MARC details
000 -LEADER
fixed length control field 01524cam a2200361 a 4500
001 - CONTROL NUMBER
control field EDZ0000116346
003 - CONTROL NUMBER IDENTIFIER
control field StDuBDS
005 - DATE AND TIME OF LATEST TRANSACTION
control field 20161031105115.0
006 - FIXED-LENGTH DATA ELEMENTS--ADDITIONAL MATERIAL CHARACTERISTICS--GENERAL INFORMATION
fixed length control field m||||||||d||||||||
007 - PHYSICAL DESCRIPTION FIXED FIELD--GENERAL INFORMATION
fixed length control field cr |||||||||||
008 - FIXED-LENGTH DATA ELEMENTS--GENERAL INFORMATION
fixed length control field 130111s2007 caua fo| 000|0|eng|d
020 ## - INTERNATIONAL STANDARD BOOK NUMBER
International Standard Book Number 9781446261330 (ebook) :
Terms of availability No price
040 ## - CATALOGING SOURCE
Original cataloging agency StDuBDS
Language of cataloging eng
Transcribing agency StDuBDS
Description conventions pn
049 ## - LOCAL HOLDINGS (OCLC)
Holding library Alfaisal Main Library
050 #0 - LIBRARY OF CONGRESS CALL NUMBER
Classification number HA29
Item number .D257 2007
082 04 - DEWEY DECIMAL CLASSIFICATION NUMBER
Classification number 300.15195
Edition number 23
245 00 - TITLE STATEMENT
Title Data analysis
Medium [electronic resource] /
Statement of responsibility, etc edited by Sotirios Sarantakos.
260 ## - PUBLICATION, DISTRIBUTION, ETC. (IMPRINT)
Place of publication, distribution, etc Los Angeles ;
-- London :
Name of publisher, distributor, etc SAGE,
Date of publication, distribution, etc 2007.
300 ## - PHYSICAL DESCRIPTION
Extent 1 online resource (4 v.) :
Other physical details ill.
490 1# - SERIES STATEMENT
Series statement SAGE benchmarks in social research methods
520 8# - SUMMARY, ETC.
Summary, etc Bringing together the most outstanding 'vintage' and contemporary work that have helped define and demarcate data analysis, this title covers both quantitative and qualitative aspects, as centred around realism, positivism and empiricism and relativism and interpretivism.
521 ## - TARGET AUDIENCE NOTE
Target audience note Specialized.
588 ## -
-- Description based on print version record.
504 ## - BIBLIOGRAPHY, ETC. NOTE
Bibliography, etc Includes bibliographical references.
650 #0 - SUBJECT ADDED ENTRY--TOPICAL TERM
Topical term or geographic name as entry element Social sciences
General subdivision Statistical methods.
655 #7 - INDEX TERM--GENRE/FORM
Genre/form data or focus term Electronic books.
Source of term local
700 1# - ADDED ENTRY--PERSONAL NAME
Personal name Sarantakos, S.
Fuller form of name (Sotirios),
Dates associated with a name 1939-
710 2# - ADDED ENTRY--CORPORATE NAME
Corporate name or jurisdiction name as entry element Sage eBooks
776 08 - ADDITIONAL PHYSICAL FORM ENTRY
Display text Print version :
International Standard Book Number 9781412922760
830 #0 - SERIES ADDED ENTRY--UNIFORM TITLE
Uniform title SAGE benchmarks in social research methods.
856 40 - ELECTRONIC LOCATION AND ACCESS
Uniform Resource Identifier <a href="http://ezproxy.alfaisal.edu/login?url=http://sk.sagepub.com/navigator/data-analysis">http://ezproxy.alfaisal.edu/login?url=http://sk.sagepub.com/navigator/data-analysis</a>
942 ## - ADDED ENTRY ELEMENTS (KOHA)
Source of classification or shelving scheme Library of Congress Classification
Koha item type eBooks

No items available.

Copyright © 2020 Alfaisal University Library. All Rights Reserved.
Tel: +966 11 2158948 Fax: +966 11 2157910 Email:
librarian@alfaisal.edu